| 000 | 00364nam a22001337a 4500 | ||
|---|---|---|---|
| 008 | 250710b |||||||| |||| 00| 0 eng d | ||
| 020 | _a9780736917381 | ||
| 050 |
_aBX6495 _b.A23 |
||
| 100 | _aAbanes Richard | ||
| 245 | _aRick Warren and the Purpose that Drives Hiim | ||
| 260 |
_aOregon _bHarves House Publishers _c2005 |
||
| 300 |
_aIv, 142p. _bill |
||
| 942 | _cBK | ||
| 999 |
_c4258 _d4258 |
||